[Event "COL-ch U12"]
[Site "Cali"]
[Date "2011.05.27"]
[Round "5.1"]
[White "Zapata Arbelaes, Estiven"]
[Black "Herrera, Victor Manuel"]
[Result "1-0"]
[WhiteElo "1957"]
[BlackElo "1514"]
[PlyCount "55"]
[EventDate "2011.05.25"]
[EventType "tourn"]
[EventRounds "9"]
[EventCountry "COL"]
[SourceTitle "EXT 2024"]
[Source "ChessBase"]
[SourceDate "2023.10.10"]
[SourceVersion "1"]
[SourceVersionDate "2023.10.10"]
[SourceQuality "1"]

1. d4 d5 2. c4 c6 3. Nc3 Nf6 4. Nf3 dxc4 5. a4 e6 6. e3 Bb4 7. Bxc4 Ne4 8. Qc2 Bxc3+ 9. bxc3 Nd6 10. Bd3 Qc7 11. Ba3 g6 12. Ne5 Nd7 13. f4 Nf6 14. 0-0 Nd5 15. Qd2 f5 16. c4 Ne7 17. Bxd6 Qxd6 18. c5 Qd5 19. Nc4 Qd8 20. Nd6+ Kf8 21. Rab1 Qc7 22. Qe1 Nd5 23. e4 Ne7 24. Qh4 Ng8 25. exf5 exf5 26. Rfe1 Bd7 27. Rxb7 Qa5 28. Rxd7 1-0

[Event "COL-ch U12"]
[Site "Cali"]
[Date "2011.05.25"]
[Round "3.1"]
[White "Jimenez, Leonardo Andres"]
[Black "Herrera, Victor Manuel"]
[Result "1-0"]
[WhiteElo "1855"]
[BlackElo "1514"]
[PlyCount "47"]
[EventDate "2011.05.25"]
[EventType "tourn"]
[EventRounds "9"]
[EventCountry "COL"]
[SourceTitle "EXT 2024"]
[Source "ChessBase"]
[SourceDate "2023.10.10"]
[SourceVersion "1"]
[SourceVersionDate "2023.10.10"]
[SourceQuality "1"]

1. e4 c5 2. d4 cxd4 3. c3 Nf6 4. e5 Nd5 5. cxd4 d6 6. exd6 Qxd6 7. Nf3 Nc6 8. Bc4 Qb4+ 9. Nbd2 Nb6 10. a3 Qd6 11. Qb3 Nxc4 12. Qxc4 Qe6+ 13. Qxe6 Bxe6 14. 0-0 Rd8 15. Ne4 Nxd4 16. Nxd4 Rxd4 17. Nc5 Bd5 18. Be3 Rc4 19. Rac1 Rxc1 20. Rxc1 e6 21. Nd3 a6 22. Ne5 f6 23. Rc8+ Ke7 24. Bc5# 1-0

[Event "Cali Region-ch U16"]
[Site "Cali"]
[Date "2011.02.13"]
[Round "6.9"]
[White "Herrera, Victor Manuel"]
[Black "Arce, Jhonatan"]
[Result "1-0"]
[WhiteElo "1631"]
[BlackElo "1500"]
[PlyCount "35"]
[EventDate "2011.02.11"]
[EventType "swiss"]
[EventRounds "7"]
[EventCountry "COL"]
[SourceTitle "EXT 2024"]
[Source "ChessBase"]
[SourceDate "2023.10.10"]
[SourceVersion "1"]
[SourceVersionDate "2023.10.10"]
[SourceQuality "1"]

1. e4 c5 2. f4 d6 3. Bb5+ Bd7 4. Bxd7+ Nxd7 5. Nf3 e6 6. Nc3 Be7 7. 0-0 Ngf6 8. d3 a6 9. Qe1 0-0 10. e5 dxe5 11. fxe5 Nd5 12. Nxd5 exd5 13. e6 Nf6 14. exf7+ Rxf7 15. Qg3 Rf8 16. Ng5 Rc8 17. Ne6 Qd7 18. Qxg7# 1-0

[Event "Cali Region-ch U16"]
[Site "Cali"]
[Date "2011.02.12"]
[Round "4.8"]
[White "Herrera, Victor Manuel"]
[Black "Ospina, Marcos Javier"]
[Result "1-0"]
[WhiteElo "1631"]
[BlackElo "1313"]
[PlyCount "35"]
[EventDate "2011.02.11"]
[EventType "swiss"]
[EventRounds "7"]
[EventCountry "COL"]
[SourceTitle "EXT 2024"]
[Source "ChessBase"]
[SourceDate "2023.10.10"]
[SourceVersion "1"]
[SourceVersionDate "2023.10.10"]
[SourceQuality "1"]

1. e4 e5 2. Nf3 Nc6 3. Bc4 Bc5 4. c3 Nf6 5. d3 d6 6. Bb3 0-0 7. 0-0 Ng4 8. h3 Nh6 9. Bxh6 gxh6 10. Nbd2 Qf6 11. Ba4 Be6 12. Bxc6 bxc6 13. Qc2 Qg6 14. Kh1 Bxh3 15. gxh3 f6 16. Rg1 Qxg1+ 17. Rxg1+ Kh8 18. Qb3 1-0

[Event "Colombia Mire Lea Florida Cup U15"]
[Site "Colombia"]
[Date "2010.10.17"]
[Round "6.3"]
[White "Herrera, Victor Manuel"]
[Black "Parra Meza, Brayan"]
[Result "0-1"]
[WhiteElo "1604"]
[BlackElo "1826"]
[PlyCount "50"]
[EventDate "2010.10.16"]
[EventType "swiss"]
[EventRounds "7"]
[EventCountry "COL"]
[SourceTitle "EXT 2024"]
[Source "ChessBase"]
[SourceDate "2023.10.10"]
[SourceVersion "1"]
[SourceVersionDate "2023.10.10"]
[SourceQuality "1"]

1. e4 e5 2. Nf3 Nc6 3. Bc4 Bc5 4. c3 Nf6 5. d3 d6 6. Bb3 Be6 7. Bc2 Bb6 8. Nbd2 0-0 9. Nf1 d5 10. Qe2 Nd7 11. h3 d4 12. c4 Nc5 13. g4 Bxc4 14. b3 Be6 15. Ba3 Ba5+ 16. N1d2 Qd6 17. Bb2 Nb4 18. Bb1 Nc6 19. Bc2 Rfd8 20. a3 Bc3 21. Rb1 Bxb2 22. Rxb2 a5 23. Nc4 Bxc4 24. bxc4 a4 25. Rxb7 Nxb7 0-1

[Event "Colombia Mire Lea Florida Cup U15"]
[Site "Colombia"]
[Date "2010.10.17"]
[Round "3.3"]
[White "Norena, Wilder"]
[Black "Herrera, Victor Manuel"]
[Result "1-0"]
[WhiteElo "1604"]
[BlackElo "1604"]
[PlyCount "65"]
[EventDate "2010.10.16"]
[EventType "swiss"]
[EventRounds "7"]
[EventCountry "COL"]
[SourceTitle "EXT 2024"]
[Source "ChessBase"]
[SourceDate "2023.10.10"]
[SourceVersion "1"]
[SourceVersionDate "2023.10.10"]
[SourceQuality "1"]

1. e4 e6 2. d4 d5 3. exd5 exd5 4. Nf3 Bd6 5. Nc3 Ne7 6. Bg5 0-0 7. Nxd5 f6 8. Nxe7+ Qxe7+ 9. Be3 Bf4 10. Bc4+ Kh8 11. 0-0 Bxe3 12. Re1 Bxf2+ 13. Kxf2 Qb4 14. Bb3 Nc6 15. c3 Qd6 16. Qd3 Bg4 17. h3 Bxf3 18. Qxf3 Ne5 19. Qg3 Ng6 20. Qxd6 cxd6 21. g3 f5 22. Bc2 h5 23. Re6 Rf6 24. Rxf6 gxf6 25. Bxf5 Ne7 26. Be6 Kg7 27. Re1 Kh6 28. Bf7 Nf5 29. Re6 Kg5 30. h4+ Kg4 31. Rxf6 Nxg3 32. Rg6+ Kxh4 33. Rxg3 1-0

[Event "Verano op 2nd"]
[Site "Verano"]
[Date "2009.11.01"]
[Round "3.7"]
[White "Borrero, Alexander"]
[Black "Herrera, Victor Manuel"]
[Result "1-0"]
[WhiteElo "1783"]
[BlackElo "1498"]
[PlyCount "55"]
[EventDate "2009.10.31"]
[EventType "swiss (rapid)"]
[EventRounds "6"]
[EventCountry "COL"]
[SourceTitle "EXT 2024"]
[Source "ChessBase"]
[SourceDate "2023.10.10"]
[SourceVersion "1"]
[SourceVersionDate "2023.10.10"]
[SourceQuality "1"]

1. e4 e6 2. d4 d5 3. Bd3 c5 4. c3 c4 5. Bc2 Be7 6. Bf4 dxe4 7. Bxe4 Nf6 8. Bc2 b5 9. Qf3 Qd5 10. Nd2 Bb7 11. 0-0-0 b4 12. Bxb8 Rxb8 13. Ba4+ Kd8 14. Qg3 Rc8 15. Ne2 Qxg2 16. Qxg2 Bxg2 17. Rhg1 bxc3 18. Nxc3 Bc6 19. Rxg7 Bxa4 20. Nxa4 c3 21. bxc3 Bb4 22. Kb2 Ba5 23. Rxf7 Nd5 24. Ne4 Rb8+ 25. Kc2 Rg8 26. Nac5 Rg2 27. Rd3 Rxh2 28. Nxe6+ 1-0

[Event "Verano op 2nd"]
[Site "Verano"]
[Date "2009.10.31"]
[Round "2.10"]
[White "Herrera, Victor Manuel"]
[Black "Renteria, Alejandro"]
[Result "1-0"]
[WhiteElo "1498"]
[BlackElo "1604"]
[PlyCount "24"]
[EventDate "2009.10.31"]
[EventType "swiss (rapid)"]
[EventRounds "6"]
[EventCountry "COL"]
[SourceTitle "EXT 2024"]
[Source "ChessBase"]
[SourceDate "2023.10.10"]
[SourceVersion "1"]
[SourceVersionDate "2023.10.10"]
[SourceQuality "1"]

1. e4 e5 2. d4 exd4 3. Bc4 d6 4. Qxd4 Nc6 5. Qe3 Qe7 6. Nf3 Be6 7. Bb5 d5 8. Ne5 Bd7 9. Nxd7 Kxd7 10. exd5 a6 11. dxc6+ Kc8 12. Qxe7 Bxe7 1-0

[Event "COL-ch U10"]
[Site "Manizales"]
[Date "2009.01.08"]
[Round "1.7"]
[White "Jimenez, Leonardo Andres"]
[Black "Herrera, Victor Manuel"]
[Result "1-0"]
[WhiteElo "1919"]
[BlackElo "1417"]
[PlyCount "20"]
[EventDate "2009.01.08"]
[EventType "swiss"]
[EventRounds "7"]
[EventCountry "COL"]
[SourceTitle "EXT 2024"]
[Source "ChessBase"]
[SourceDate "2023.10.10"]
[SourceVersion "1"]
[SourceVersionDate "2023.10.10"]
[SourceQuality "1"]

1. e4 e5 2. Nf3 Nc6 3. Bc4 Bc5 4. b4 Bb6 5. c3 Nf6 6. d3 d5 7. exd5 Nxd5 8. a4 a5 9. b5 Na7 10. Nxe5 Qe7 1-0

[Event "Cali op-D"]
[Site "Cali"]
[Date "2008.12.28"]
[Round "6"]
[White "Sanchez, Victor Daniel"]
[Black "Herrera, Victor Manuel"]
[Result "0-1"]
[WhiteElo "1500"]
[BlackElo "1400"]
[PlyCount "31"]
[EventDate "2008.12.26"]
[EventType "swiss"]
[EventRounds "9"]
[EventCountry "COL"]
[SourceTitle "EXT 2011"]
[Source "ChessBase"]
[SourceDate "2010.11.26"]
[SourceVersion "1"]
[SourceVersionDate "2010.11.26"]
[SourceQuality "1"]

1. e4 e5 2. Nf3 Nc6 3. Bc4 Bc5 4. c3 Qe7 5. 0-0 Na5 6. Be2 Nc6 7. d3 Nf6 8. Bg5 h6 9. Be3 g5 10. Nbd2 d5 11. exd5 Nxd5 12. Nc4 b5 13. Nfxe5 Bxe3 14. Nxc6 Qd6 15. Nd4 Bxd4 16. cxd4 0-1